000 005950000a22001810004500
999 _c54229
_d54229
001 768714001
003 CO-MdFUSB
005 20170819122354.0
008 170819s2001 xxu||||| |||| 00| 0 eng d
022 _a0098-9444
040 _aCO-MdFUSB
_bspa
_cCO-MdFUSB
_dCO-MdFUSB
041 _aeng
245 1 0 _aTemple mount in congress :
_bBill seeks to halt construction
300 _aVolumen 27. Número 4 (2001), Páginas 18-19
_c28 cm.
546 _aTexto en inglés
773 0 _tBiblical Archaeology Review
_049395
_959466
_gVolumen 27. Número 4 (2001), Páginas 18-19
_qPágina 18
942 _cANA